Drapeaux des provinces canadiennes - Statistiques

Statistiques générales
  • Ce quiz a été pris 173 fois
  • Le résultat moyen est 10 sur 13
Statistiques - réponses
Par images Réponse % Correct
Quebec
98%
Nouvelle-Écosse
90%
Nunavut
82%
Ontario
82%
Nouveau-Brunswick
76%
Yukon
76%
Île-du-Prince-Édouard
74%
Manitoba
74%
Alberta
72%
Saskatchewan
72%
Territoires du Nord-Ouest
72%
Colombie-Britannique
68%
Terre-Neuve-et-Labrador
66%
Aucun quiz correspondant
Distribution des résultats
% des personnes avec chaque résultat
Percentile par nombre de réponses
Votre historique - résultats
Vous n’avez pas pris ce quiz